Itinerarios artísticos de los más importantes santuarios de Italia para los automovilistas
Saved in:
| Institution som forfatter: | |
|---|---|
| Format: | Bog |
| Sprog: | italiensk |
| Udgivet: |
Roma
ENIT
1970
|
| Fag: | |
| Tags: |
Tilføj Tag
Ingen Tags, Vær først til at tagge denne postø!
|
MARC
| LEADER | 00000nam a2200000 a 4500 | ||
|---|---|---|---|
| 001 | UCI6831 | ||
| 003 | CL-VaPUC | ||
| 008 | 080530e19700000IT |||||||||||||||||ita|d | ||
| 082 | 0 | 4 | |a 291.35945 |b ENT |2 21 |
| 110 | 2 | |a Ente Nazionale Industrie Turistiche |e author |9 529838 | |
| 245 | 1 | 0 | |a Itinerarios artísticos de los más importantes santuarios de Italia para los automovilistas |
| 300 | |a pag. irreg | ||
| 942 | |c BK | ||
| 945 | |d 20080530 00:00:00 |a rbrito | ||
| 260 | |a Roma |b ENIT |c 1970 | ||
| 500 | |a Donación Padres Capùchinos | ||
| 650 | 7 | |a SANTUARIOS RELIGIOSOS |2 CL-VaPUC |9 529839 | |
| 650 | 0 | |a Turismo |9 308920 | |
| 651 | 0 | |a Italia |9 254949 | |
| 583 | |a last modification |c 20080530 00:00:00 |k Rodrigo Vera | ||
| 999 | |c 330279 |d 330277 | ||
| 952 | |0 0 |1 0 |4 0 |6 291_359450000000000_ENT_1970 |7 0 |8 X |9 415768 |a FDOBUD |b FDOBUD |d 2019-11-22 |i 4444078 |o 291.35945 ENT 1970 |p 4444078 |r 2019-11-22 |w 2019-11-22 |y BK_X |k BUD | ||